[Event "Mondiale Semilampo 2016"]
[Site "Doha QAT"]
[Date "2016.12.27"]
[Round "6.29"]
[White "Henriquez Villagra, Cristobal"]
[Black "Salem, A.R. Saleh"]
[Result "1/2-1/2"]
[WhiteTitle "IM"]
[BlackTitle "GM"]
[WhiteElo "2517"]
[BlackElo "2656"]
[WhiteFideId "3409350"]
[BlackFideId "9301348"]
[EventDate "2016.12.26"]

1. e4 c5 2. Nf3 d6 3. d4 cxd4 4. Nxd4 Nf6 5. Nc3 a6 6. Bg5 e6 7. f4 h6 8. Bh4
Qb6 9. a3 Be7 10. Bf2 Qc7 11. Qf3 Nbd7 12. O-O-O b5 13. g4 Bb7 14. Bg2 g5 15. f5
e5 16. Nb3 h5 17. h3 Rc8 18. Rhe1 Nb6 19. Kb1 Nc4 20. Rd3 Bc6 21. Qe2 a5 22. Bf3
hxg4 23. Bxg4 Qb7 24. Nd5 b4 25. axb4 Bxd5 26. exd5 Qxb4 27. Bd4 a4 28. Bc3 Qb6
29. Nc1 Rc5 30. Na2 Rb5 31. Ka1 Kd7 32. Rd4 Nxb2 33. Rb4 Rxb4 34. Bxb4 a3 35.
Bxa3 Ra8 36. Bxb2 Qa5 37. Ba3 Qxa3 38. Qc4 Qa4 39. Qc6+ Qxc6 40. dxc6+ Kc7 41.
Kb2 e4 42. c4 Kxc6 43. Nc3 Rb8+ 44. Kc2 Rb4 45. Nxe4 Rxc4+ 46. Kd3 Rxe4 47. Rxe4
Nxe4 48. Kxe4 f6 49. Kd4 d5 50. Kd3 Kd6 51. Kd4 Bd8 52. Kd3 Ke5 53. Bf3 Bb6 54.
Ke2 d4 55. Bg4 Ke4 56. Kd2 Ba5+ 57. Ke2 d3+ 58. Kd1 Bb4 59. Kc1 Bc3 60. Kd1 Ke3
61. Kc1 Bb4 62. Kd1 Bd6 63. Ke1 Kd4 64. Kd2 Bf4+ 65. Kd1 Kc3 66. Bf3 Bd6 67. Bg4
Kd4 68. Kd2 Bb4+ 69. Kd1 Ke4 70. Kc1 Kf4 71. Kd1 Ke3 72. Bh5 Ba5 73. Bg4 Kf4 74.
Kc1 Kg3 75. Kd1 Bb4 76. Kc1 Kg2 77. Kd1 Kf2 78. Bh5 Ke3 79. Bg4 Bd6 80. Ke1 Bg3+
81. Kd1 Bf4 82. Ke1 Bd6 83. Kd1 Be5 84. Ke1 Bf4 85. Kd1 Kf2 86. Bh5 Ke3 87. Bg4
Ke4 88. Ke1 1/2-1/2

[Event "Mondiale Semilampo 2016"]
[Site "Doha QAT"]
[Date "2016.12.27"]
[Round "6.30"]
[White "Amin, Bassem"]
[Black "Debashis, Das"]
[Result "1-0"]
[WhiteTitle "GM"]
[BlackTitle "GM"]
[WhiteElo "2662"]
[BlackElo "2472"]
[WhiteFideId "10601457"]
[BlackFideId "5024854"]
[EventDate "2016.12.26"]

1. e4 c5 2. Nf3 d6 3. g3 Nf6 4. d3 g6 5. Bg2 Bg7 6. O-O O-O 7. Re1 Nc6 8. c3 e5
9. a3 h6 10. b4 Be6 11. Nbd2 b5 12. Bb2 a5 13. a4 axb4 14. axb5 bxc3 15. Bxc3
Na7 16. Ra5 Bd7 17. Qb3 Qb8 18. b6 Nc6 19. Rxa8 Qxa8 20. Nc4 Qb8 21. Ra1 Bc8 22.
Qb5 Bb7 23. Bh3 Rd8 24. Na5 Nxa5 25. Rxa5 Kf8 26. Ra7 Ng8 27. Nd2 Ne7 28. Bd7
Kg8 29. Nc4 d5 30. Na5 Ba8 31. Qxc5 dxe4 32. Qxe7 Qxb6 33. Bc6 1-0

[Event "Mondiale Semilampo 2016"]
[Site "Doha QAT"]
[Date "2016.12.27"]
[Round "6.31"]
[White "Vallejo Pons, Francisco"]
[Black "Aleksandrov, Aleksej"]
[Result "0-1"]
[WhiteTitle "GM"]
[BlackTitle "GM"]
[WhiteElo "2711"]
[BlackElo "2574"]
[WhiteFideId "2205530"]
[BlackFideId "13500139"]
[EventDate "2016.12.26"]

1. d4 Nf6 2. c4 e6 3. g3 d5 4. Bg2 dxc4 5. Nf3 Nc6 6. Qa4 Bb4+ 7. Bd2 Nd5 8. Qb5
Bxd2+ 9. Nbxd2 c3 10. bxc3 Nxc3 11. Qd3 Nd5 12. O-O O-O 13. Rfc1 Qe7 14. a3 Rd8
15. h4 h6 16. e3 Bd7 17. Rab1 Rab8 18. Nc4 Be8 19. Qb3 f6 20. e4 Nb6 21. Qc3 Bh5
22. Rd1 Nxc4 23. Qxc4 Kh8 24. Qc3 Bxf3 25. Bxf3 e5 26. d5 Nd4 27. Kg2 c6 28.
dxc6 bxc6 29. Bg4 Rb6 30. a4 Rdb8 31. Rxb6 axb6 32. Rb1 b5 33. axb5 cxb5 34. h5
b4 35. Qc4 b3 36. Rc1 b2 37. Rb1 Qb7 38. Qd5 Qxd5 39. exd5 Kg8 40. f4 exf4 41.
gxf4 Nc2 42. d6 Na3 0-1

[Event "Mondiale Semilampo 2016"]
[Site "Doha QAT"]
[Date "2016.12.27"]
[Round "6.32"]
[White "Kozul, Zdenko"]
[Black "Bortnyk, Olexandr"]
[Result "0-1"]
[WhiteTitle "GM"]
[BlackTitle "GM"]
[WhiteElo "2613"]
[BlackElo "2581"]
[WhiteFideId "14502879"]
[BlackFideId "14120828"]
[EventDate "2016.12.26"]

1. Nf3 Nf6 2. c4 b6 3. Nc3 Bb7 4. d4 g6 5. d5 Bg7 6. e4 O-O 7. Be2 e5 8. O-O d6
9. Be3 a5 10. Nd2 Nbd7 11. a3 Ne8 12. b4 f5 13. f3 Qh4 14. Nb3 a4 15. Nd2 Bh6
16. Bf2 Qe7 17. Bd3 Ng7 18. Ra2 Nh5 19. g3 fxe4 20. Ndxe4 Ndf6 21. Bc2 Nxe4 22.
Nxe4 Qf7 23. Bxa4 Rxa4 24. Qxa4 Qxf3 25. Qc2 b5 26. Re1 bxc4 27. Qxc4 Rf7 28.
Ba7 Qg4 29. Rf2 Nf4 30. Kh1 Bxd5 31. Rxf4 Qe6 32. Rxf7 Bxc4 33. Rxc7 d5 34. Nf2
d4 35. Kg1 Be3 36. Rxe3 dxe3 37. Bxe3 Bd5 38. Bh6 Qf5 39. Rc1 Qh5 40. Rc8+ Kf7
41. Rf8+ Ke7 42. Bg7 Qe2 43. h3 Bf3 44. Rxf3 Qxf3 45. Bxe5 Ke6 46. Bb8 Qxa3 47.
h4 h6 48. Bf4 g5 49. hxg5 hxg5 50. Bb8 Qa1+ 51. Kh2 Qh8+ 0-1

[Event "Mondiale Semilampo 2016"]
[Site "Doha QAT"]
[Date "2016.12.27"]
[Round "6.33"]
[White "Tari, Aryan"]
[Black "Leko, Peter"]
[Result "1/2-1/2"]
[WhiteTitle "GM"]
[BlackTitle "GM"]
[WhiteElo "2584"]
[BlackElo "2693"]
[WhiteFideId "1510045"]
[BlackFideId "703303"]
[EventDate "2016.12.26"]

1. c4 c5 2. Nf3 Nf6 3. Nc3 e6 4. d4 cxd4 5. Nxd4 d5 6. Bf4 a6 7. e3 Be7 8. Be2
dxc4 9. Bxc4 Bd7 10. O-O O-O 11. Be2 Nc6 12. Bf3 Rc8 13. Nxc6 Bxc6 14. Bxc6 Rxc6
15. Qb3 Qb6 16. Qxb6 Rxb6 17. Be5 Rc8 18. Rfd1 Kf8 19. Rd2 Rbc6 20. Rad1 b5 21.
a3 Ng4 22. Bg3 Nf6 23. Be5 Ne8 24. Ne2 f6 25. Bc3 Rd6 26. Nd4 e5 27. Nf5 Rxd2
28. Bxd2 Nd6 29. Nxe7 Kxe7 30. Bb4 Rc6 31. Kf1 Ke6 32. Bxd6 Rxd6 33. Rxd6+ Kxd6
34. Ke2 e4 35. Kd2 Kd5 36. Kc3 a5 37. b3 f5 38. h4 g6 39. Kc2 b4 40. axb4 axb4
41. Kd2 Ke5 42. Ke2 Kf6 43. g3 h6 44. Kf1 g5 45. Kg2 Kg6 46. Kh3 Kh5 47. hxg5
Kxg5 48. Kh2 Kg4 49. Kg2 h5 50. Kg1 Kh3 51. Kh1 h4 52. gxh4 Kxh4 53. Kg2 f4 54.
exf4 Kg4 55. Kf1 Kxf4 56. Ke2 Ke5 57. Ke3 Kd5 58. Ke2 Kd4 59. Kd2 Kc5 60. Ke3
Kd5 61. Ke2 1/2-1/2

[Event "Mondiale Semilampo 2016"]
[Site "Doha QAT"]
[Date "2016.12.27"]
[Round "6.34"]
[White "Salinas Herrera, Pablo"]
[Black "Moiseenko, Alexander"]
[Result "1/2-1/2"]
[WhiteTitle "IM"]
[BlackTitle "GM"]
[WhiteElo "2466"]
[BlackElo "2657"]
[WhiteFideId "3407128"]
[BlackFideId "14102560"]
[EventDate "2016.12.26"]

1. e4 c5 2. Nf3 Nc6 3. Bb5 d6 4. O-O Bd7 5. Re1 Nf6 6. c3 a6 7. Bf1 Bg4 8. h3
Bxf3 9. Qxf3 e6 10. d3 Be7 11. Bf4 O-O 12. Nd2 b5 13. Qd1 d5 14. a4 b4 15. Nf3
Qa5 16. e5 Nd7 17. c4 dxc4 18. dxc4 Rfd8 19. Qc2 Nd4 20. Nxd4 cxd4 21. Bd3 g6
22. b3 Nc5 23. Rad1 Rd7 24. g4 Qd8 25. Re2 a5 26. Bc1 Bf8 27. f4 Qh4 28. Kh2 f5
29. Rg1 Rg7 30. Bd2 Kh8 31. Be1 Qd8 32. Qd1 Raa7 33. g5 Rg8 34. h4 h6 35. Rg3
Rh7 36. Kg1 hxg5 37. hxg5 Kg7 38. Rh2 Rgh8 39. Rxh7+ Rxh7 40. Bf1 Ne4 41. Rd3
Bc5 42. Bg2 Qh8 43. Qe2 Rh2 44. Qf3 Rh7 45. Bf2 Qd8 46. Kf1 Kg8 47. Qd1 Rd7 48.
Bg1 Bb6 49. Rh3 d3 50. Bxe4 fxe4 51. c5 Ba7 52. Be3 Rh7 53. Qg4 Qd7 54. Rxh7
Kxh7 55. Qh3+ Kg8 56. Ke1 Qf7 57. Kd2 Bb8 58. Qh1 Qf5 59. c6 Qg4 60. Qf1 Bc7 61.
Bc5 Qh5 62. Ke3 Qh2 63. Kxe4 Qc2 64. Qxd3 Qxc5 65. Qd7 Qc2+ 66. Kf3 Qxb3+ 67.
Kg4 Qd5 68. Qe8+ Kg7 69. Qe7+ Kg8 1/2-1/2

[Event "Mondiale Semilampo 2016"]
[Site "Doha QAT"]
[Date "2016.12.27"]
[Round "6.35"]
[White "Belyakov, Bogdan"]
[Black "Banikas, Hristos"]
[Result "0-1"]
[WhiteTitle "IM"]
[BlackTitle "GM"]
[WhiteElo "2487"]
[BlackElo "2568"]
[WhiteFideId "24104795"]
[BlackFideId "4202031"]
[EventDate "2016.12.26"]

1. e4 c5 2. c3 Nf6 3. e5 Nd5 4. Nf3 Nc6 5. d4 cxd4 6. cxd4 d6 7. Bc4 dxe5 8.
Nxe5 e6 9. O-O Be7 10. Qf3 O-O 11. Rd1 Qb6 12. Bxd5 exd5 13. Nc3 Be6 14. Nxc6
Qxc6 15. Bf4 Rac8 16. Rac1 Rfd8 17. h3 Qd7 18. Be5 Rc4 19. b3 Rc6 20. Ne2 Rdc8
21. Rxc6 Rxc6 22. Nf4 f6 23. Bb8 a6 24. Re1 Bf7 25. Qe3 Bf8 26. Rc1 Qc8 27. Rxc6
Qxc6 28. Ne2 Qc2 29. a4 Bb4 30. g4 Qe4 31. Ng3 Qxe3 32. fxe3 g6 33. Kf2 Be6 34.
Ba7 Bd6 35. Bc5 Bc7 36. Kf3 Kf7 37. Ne2 Bd7 38. Nf4 Bc6 39. Bb4 a5 40. Be1 g5
41. Nd3 b6 42. Bg3 Bd8 43. Nb2 Ke6 44. Nd1 Be8 45. Be1 Be7 46. Bg3 Bd8 47. Be1
h5 48. Nb2 h4 49. b4 Bg6 50. bxa5 bxa5 51. Bc3 Bc2 52. Bd2 Bc7 53. Bc3 f5 54.
gxf5+ Kxf5 55. Bd2 Be4+ 56. Kf2 g4 57. hxg4+ Kxg4 58. Nd1 h3 59. Nc3 Bg3+ 0-1

[Event "Mondiale Semilampo 2016"]
[Site "Doha QAT"]
[Date "2016.12.27"]
[Round "6.36"]
[White "Adhiban, Baskaran"]
[Black "Svane, Rasmus"]
[Result "1-0"]
[WhiteTitle "GM"]
[BlackTitle "GM"]
[WhiteElo "2666"]
[BlackElo "2555"]
[WhiteFideId "5018471"]
[BlackFideId "4657101"]
[EventDate "2016.12.26"]

1. c4 c6 2. d4 d5 3. Nc3 Nf6 4. cxd5 cxd5 5. Bf4 Nc6 6. e3 Bf5 7. Qb3 Na5 8.
Qa4+ Bd7 9. Qc2 e6 10. Bd3 Nc6 11. Qd1 Be7 12. a3 Rc8 13. h3 Na5 14. Nf3 O-O 15.
O-O a6 16. Ne5 b5 17. Qe2 Nc4 18. Rfc1 Be8 19. Bg3 Nd7 20. Nf3 Ndb6 21. Nb1 Nd6
22. Nbd2 Ndc4 23. Rc2 Nxd2 24. Qxd2 Nc4 25. Qc1 Bd7 26. b3 Nd6 27. Qb1 g6 28.
Ne5 f6 29. Rxc8 Bxc8 30. Nc6 Qd7 31. Qc2 Bb7 32. Nxe7+ Qxe7 33. Qc5 Rd8 34. a4
Kf7 35. Bxd6 Qxd6 36. axb5 1-0

[Event "Mondiale Semilampo 2016"]
[Site "Doha QAT"]
[Date "2016.12.27"]
[Round "6.37"]
[White "Gashimov, Sarkhan"]
[Black "Quparadze, Giga"]
[Result "0-1"]
[BlackTitle "IM"]
[WhiteElo "2351"]
[BlackElo "2481"]
[WhiteFideId "13400657"]
[BlackFideId "13602250"]
[EventDate "2016.12.26"]

1. Nf3 c5 2. b3 d6 3. g3 e5 4. d3 g6 5. Bb2 Bg7 6. Bg2 Ne7 7. Nfd2 O-O 8. c4
Nbc6 9. O-O Be6 10. Nc3 Qd7 11. Nd5 Bxd5 12. cxd5 Nb4 13. a3 Nbxd5 14. b4 cxb4
15. Qb3 bxa3 16. Rxa3 Nb6 17. Rfa1 Nc6 18. Ne4 Rad8 19. Rxa7 Nxa7 20. Rxa7 Nc8
21. Rxb7 Qe8 22. Ba3 Kh8 23. Bh3 f5 24. Ng5 Rd7 25. Rb8 Qe7 26. Ne6 Re8 27. e4
Qf7 28. Qc4 Rde7 29. Nxg7 Qxc4 30. dxc4 Kxg7 31. exf5 gxf5 32. Bxf5 Ra7 33. Bb4
Rc7 34. Bxc8 Rcxc8 35. Rxc8 Rxc8 36. Bxd6 Kf6 37. c5 Ra8 38. Kg2 Kf5 39. f3 Ra2+
40. Kh3 Rf2 41. f4 e4 42. g4+ Ke6 43. f5+ Kd5 44. Kg3 Rf3+ 45. Kg2 Rc3 46. h4
Rf3 47. Be7 h5 48. gxh5 Rxf5 49. Bg5 Kxc5 50. h6 Rf7 51. Kg3 Kd5 52. Kg4 Ke5 53.
Bc1 Kf6 54. h5 Rb7 55. Kf4 Rb5 56. Kxe4 Rxh5 57. Be3 Rh4+ 58. Kd5 Rh3 59. Ke4
Kg6 60. Bf4 Rh5 61. Be3 Kf6 62. Bd2 Ke6 63. Bc1 Rh4+ 64. Kf3 Kf5 65. Bd2 Rh2 66.
Bc1 Rh3+ 67. Kg2 Kg4 68. Kf2 Rh2+ 69. Kg1 Rh5 70. Kg2 Rc5 71. Be3 Rc2+ 72. Kh1
Kg3 73. Kg1 Re2 74. h7 Re1# 0-1

[Event "Mondiale Semilampo 2016"]
[Site "Doha QAT"]
[Date "2016.12.27"]
[Round "6.38"]
[White "Saeed, Ishaq"]
[Black "Adly, Ahmed"]
[Result "0-1"]
[WhiteTitle "FM"]
[BlackTitle "GM"]
[WhiteElo "2312"]
[BlackElo "2599"]
[WhiteFideId "9301453"]
[BlackFideId "10601619"]
[EventDate "2016.12.26"]

1. d4 Nf6 2. Nf3 c5 3. e3 d5 4. c4 cxd4 5. exd4 Nc6 6. Nc3 e6 7. a3 Be7 8. Bd3
dxc4 9. Bxc4 O-O 10. O-O b6 11. Qd3 Bb7 12. Rd1 Na5 13. Ba2 Nd5 14. Bb1 g6 15.
Bh6 Re8 16. Ne4 Nf6 17. Ng3 Rc8 18. h4 Nc4 19. Ra2 Qd5 20. Re1 Ng4 21. Bf4 Rcd8
22. Qe2 Nd6 23. Ra1 h5 24. Bxd6 Qxd6 25. Ne4 Qb8 26. Neg5 Bxg5 27. hxg5 Bxf3 28.
Qxf3 Qh2+ 29. Kf1 Rxd4 30. Be4 Rd2 31. g3 Rxf2+ 0-1

[Event "Mondiale Semilampo 2016"]
[Site "Doha QAT"]
[Date "2016.12.27"]
[Round "6.39"]
[White "Jumabayev, Rinat"]
[Black "Darini, Pouria"]
[Result "1/2-1/2"]
[WhiteTitle "GM"]
[BlackTitle "GM"]
[WhiteElo "2611"]
[BlackElo "2511"]
[WhiteFideId "13702661"]
[BlackFideId "12502200"]
[EventDate "2016.12.26"]

1. d4 Nf6 2. c4 g6 3. g3 Bg7 4. Bg2 d5 5. cxd5 Nxd5 6. Nf3 Nb6 7. Nc3 Nc6 8. e3
O-O 9. O-O e5 10. d5 Na5 11. b3 e4 12. Nd4 Nxd5 13. Nxe4 Qe7 14. Bd2 Nc6 15.
Nxc6 bxc6 16. Rc1 Ba6 17. Re1 Rad8 18. Qc2 Qa3 19. Rcd1 Bb5 20. Bc1 Qe7 21. a4
Nb4 22. Qc5 Qxc5 23. Nxc5 Be2 24. Rxd8 Rxd8 25. Ba3 Nc2 26. Rxe2 Rd1+ 27. Bf1
Nxa3 28. Kg2 Rc1 29. Na6 Be5 30. Rd2 Rc3 31. b4 Bd6 32. Rd3 Nb1 33. Rd4 Ra3 34.
a5 Nc3 35. Nb8 c5 36. bxc5 Bxc5 37. Rd7 Ne4 38. Nc6 Rc3 39. Bd3 Nf6 40. Rd8+ Kg7
41. Bb5 Rc2 42. Kf3 h5 43. h3 g5 44. g4 hxg4+ 45. hxg4 Rb2 46. Bd3 Rd2 47. Bc4
Rc2 48. Bb5 Rb2 49. Ba6 Rc2 50. Bb7 Nh7 51. Rd7 Nf8 52. Rxc7 Bd6 53. Re7 Bxe7
54. Nxe7 Rc7 55. Nf5+ Kf6 56. a6 Nd7 57. Nd6 Rc1 58. Nb5 Nc5 59. Nxa7 Nxa6 60.
Bxa6 Ra1 61. Nc6 Rxa6 62. Nd4 Ke5 63. Nf5 Ra4 64. Nh6 f6 65. Nf5 Kd5 66. Ng3 Ke5 1/2-1/2

[Event "Mondiale Semilampo 2016"]
[Site "Doha QAT"]
[Date "2016.12.27"]
[Round "6.40"]
[White "Neelotpal, Das"]
[Black "Perez Ponsa, Federico"]
[Result "0-1"]
[WhiteTitle "GM"]
[BlackTitle "GM"]
[WhiteElo "2463"]
[BlackElo "2585"]
[WhiteFideId "5003512"]
[BlackFideId "117927"]
[EventDate "2016.12.26"]

1. e4 c5 2. Nf3 Nc6 3. d4 cxd4 4. Nxd4 e6 5. Nc3 Qc7 6. Be2 a6 7. O-O Nf6 8. Be3
Bb4 9. Na4 Be7 10. Nxc6 bxc6 11. Nb6 Rb8 12. Nxc8 Qxc8 13. Bd4 c5 14. Be5 Rb6
15. Qd3 d6 16. Bc3 O-O 17. b3 d5 18. exd5 Nxd5 19. Ba5 Rd6 20. Qg3 Nb4 21. Bxb4
cxb4 22. Bd3 Qc5 23. Rae1 a5 24. Re5 Rd5 25. Rfe1 Bf6 26. Rxd5 Qxd5 27. Qf4 Rd8
28. Qe4 g6 29. Qxd5 Rxd5 30. Kf1 Kf8 31. Rd1 Ke7 32. Ke2 Bd4 33. f4 f5 34. Bc4
Rd6 35. Kf3 h6 36. h4 Kf6 37. g3 e5 38. fxe5+ Kxe5 39. Re1+ Kf6 40. Rd1 Rd8 41.
Rd2 Rd7 42. Rd1 Rd6 43. Rd2 Rd7 44. Rd1 Rd8 45. Rd2 g5 46. hxg5+ hxg5 47. g4
fxg4+ 48. Kxg4 Rh8 49. Kf3 Rh4 50. Re2 Be5 51. Rf2 Bc7 52. Kg2+ Bf4 53. Re2 Rh2+
54. Kf3 Rh3+ 55. Kg2 g4 56. Bd3 Kg5 57. Re7 Rh2+ 58. Kg1 g3 59. Re2 Rh6 60. Kg2
Rd6 61. Be4 Kg4 62. Bd3 Rh6 63. Be4 Bc7 64. Bf3+ Kf4 65. Re4+ Kf5 66. Re2 Rh2+
67. Kf1 Rh4 68. Kg2 Rh2+ 69. Kf1 Rh8 70. Kg2 Be5 71. Kf1 Bd4 72. Kg2 Bf2 73. Re4
Rd8 74. Re2 Rd4 75. Re8 Kf4 76. Re2 Be3 77. Re1 Rd2+ 78. Re2 Rd6 79. Re1 Rh6 80.
Bb7 Rh2+ 81. Kf1 Rf2+ 82. Kg1 Rxc2+ 83. Kf1 Rf2+ 84. Kg1 Rxa2+ 85. Kf1 a4 86.
bxa4 Rf2+ 87. Kg1 b3 0-1

[Event "Mondiale Semilampo 2016"]
[Site "Doha QAT"]
[Date "2016.12.27"]
[Round "6.41"]
[White "Bindrich, Falko"]
[Black "Atabayev, Maksat"]
[Result "1-0"]
[WhiteTitle "GM"]
[BlackTitle "GM"]
[WhiteElo "2590"]
[BlackElo "2492"]
[WhiteFideId "4676670"]
[BlackFideId "14001101"]
[EventDate "2016.12.26"]

1. d4 Nf6 2. c4 e6 3. Nc3 Bb4 4. Qc2 O-O 5. Nf3 b6 6. e4 c5 7. e5 cxd4 8. Nxd4
Ne8 9. Qe4 Nc6 10. Nxc6 dxc6 11. Bd2 Qc7 12. O-O-O f5 13. Qe2 Bb7 14. a3 Bc5 15.
g3 b5 16. Bg2 Qb6 17. Be3 Bxe3+ 18. Qxe3 Qxe3+ 19. fxe3 Rf7 20. c5 Re7 21. Rd4
Nc7 22. e4 Rf8 23. Rf1 a6 24. Kd2 Bc8 25. Rd6 Bd7 26. exf5 exf5 27. Bxc6 Bxc6
28. Rxc6 Ne6 29. b4 a5 30. Nxb5 axb4 31. axb4 Rb8 32. Nd6 Nd4 33. Rb6 Ra8 34.
Kd3 Ne6 35. Nxf5 Ree8 36. Nd6 Ra3+ 37. Kc4 Rea8 38. Nb5 R3a6 39. Rxa6 Rxa6 40.
Nd4 1-0

[Event "Mondiale Semilampo 2016"]
[Site "Doha QAT"]
[Date "2016.12.27"]
[Round "6.42"]
[White "Ghaem Maghami, Ehsan"]
[Black "Maghsoodloo, Parham"]
[Result "1-0"]
[WhiteTitle "GM"]
[BlackTitle "GM"]
[WhiteElo "2574"]
[BlackElo "2584"]
[WhiteFideId "12500739"]
[BlackFideId "12539929"]
[EventDate "2016.12.26"]

1. e4 e5 2. Nf3 Nc6 3. Bb5 Nf6 4. d3 Bc5 5. O-O d6 6. c3 O-O 7. Nbd2 a6 8. Ba4
Ba7 9. Bb3 Ne7 10. Re1 Ng6 11. Nf1 h6 12. Ng3 Re8 13. h3 c6 14. d4 exd4 15. cxd4
Be6 16. Bxe6 Rxe6 17. Qd3 Qd7 18. Bd2 Rae8 19. Re2 c5 20. d5 R6e7 21. Rae1 Qa4
22. b3 Qb5 23. Qxb5 axb5 24. h4 b4 25. Bc1 b5 26. h5 Nf8 27. Bf4 Bb8 28. Nh4 Kh7
29. Nhf5 Rd7 30. f3 Ng8 31. Kf2 Red8 32. Rc1 Kh8 33. Rd2 Nh7 34. Ne2 Nhf6 35. g4
Nh7 36. Neg3 Ng5 37. Kg2 Nf6 38. Ra1 Ra7 39. Rc2 Kg8 40. Bc1 Kf8 41. a3 bxa3 42.
Rxa3 Rdd7 43. Rca2 Rxa3 44. Rxa3 Ne8 45. Ra8 Rd8 46. Bf4 f6 47. Ra5 b4 48. Ne3
Nf7 49. Nc4 Ke7 50. Nf5+ Kd7 51. Ra6 Ne5 52. Bxe5 fxe5 53. Kg3 Bc7 54. Ra7 Rb8
55. f4 exf4+ 56. Kxf4 Kc8 57. Ne7+ Kd7 58. Nc6 Rb5 59. Kf5 Nf6 60. g5 Nxh5 61.
Kg4 g6 62. gxh6 Nf6+ 63. Kg5 Nxe4+ 64. Kxg6 1-0

[Event "Mondiale Semilampo 2016"]
[Site "Doha QAT"]
[Date "2016.12.27"]
[Round "6.43"]
[White "Najer, Evgeniy"]
[Black "Shytaj, Luca"]
[Result "1/2-1/2"]
[WhiteTitle "GM"]
[BlackTitle "IM"]
[WhiteElo "2679"]
[BlackElo "2435"]
[WhiteFideId "4118987"]
[BlackFideId "812633"]
[EventDate "2016.12.26"]

1. e4 c5 2. Nf3 d6 3. d4 Nf6 4. Nc3 cxd4 5. Nxd4 a6 6. Be3 e5 7. Nf3 Qc7 8. a4
Be7 9. Be2 O-O 10. O-O b6 11. Bg5 Nbd7 12. Nd2 Bb7 13. Bc4 h6 14. Bh4 g5 15. Bg3
Nc5 16. f3 Ne6 17. Re1 Nf4 18. Qb1 h5 19. Kh1 h4 20. Bf2 h3 21. g3 Ng2 22. Re2
g4 23. fxg4 b5 24. axb5 axb5 25. Nxb5 Qd7 26. Nc3 d5 27. Rxa8 Rxa8 28. Nxd5 Nxd5
29. Bxd5 Bxd5 30. exd5 Qxd5 31. c4 Qc6 32. Kg1 Nh4 33. Qe4 Ra1+ 34. Be1 Bc5+ 35.
Kh1 Qxe4+ 36. Nxe4 Nf3 37. Nxc5 Nxe1 38. Nb3 Rd1 39. Rd2 Rb1 40. Rd8+ Kg7 41.
Nd2 Rd1 42. Kg1 Rxd2 43. Rxd2 Nf3+ 44. Kf2 Nxd2 45. c5 Ne4+ 46. Kf3 Nxc5 47. b4
Nd7 48. g5 Kg6 49. Kg4 e4 50. b5 e3 51. Kf3 Kxg5 52. Kxe3 Kg4 53. Ke4 Nb6 54.
Ke3 f5 55. Ke2 Nd5 56. Kf2 Kg5 57. Kf3 Nb6 58. Ke3 Kg4 59. Ke2 Nc4 60. Kf2 f4
61. gxf4 Kxf4 62. Ke2 Nb6 63. Kf2 Nd5 64. Ke1 Kf3 65. Kf1 Nb6 66. Kg1 Ke2 67.
Kh1 Ke1 68. Kg1 Nc4 69. b6 Nxb6 70. Kh1 Ke2 71. Kg1 Kf3 72. Kf1 Nd5 73. Kg1 Ke2
74. Kh1 Nf4 75. Kg1 Nd3 76. Kh1 Nf2+ 77. Kg1 Kf3 78. Kf1 Ng4 79. Kg1 Ke2 80. Kh1
Kf1 1/2-1/2

[Event "Mondiale Semilampo 2016"]
[Site "Doha QAT"]
[Date "2016.12.27"]
[Round "6.44"]
[White "Tissir, Mohamed"]
[Black "Bosiocic, Marin"]
[Result "0-1"]
[WhiteTitle "IM"]
[BlackTitle "GM"]
[WhiteElo "2376"]
[BlackElo "2591"]
[WhiteFideId "9000240"]
[BlackFideId "14507927"]
[EventDate "2016.12.26"]

1. e4 c5 2. Nc3 Nc6 3. Bb5 Nd4 4. Bc4 e6 5. Nge2 Nf6 6. O-O a6 7. d3 b5 8. Bb3
Nxb3 9. axb3 Bb7 10. Bg5 Be7 11. e5 Ng4 12. Bxe7 Qxe7 13. d4 Qg5 14. Ng3 Qh4 15.
h3 Nxf2 16. Rxf2 Qxg3 17. Ne2 Qe3 18. c3 cxd4 19. cxd4 O-O 20. Rc1 b4 21. Rc4
Bd5 22. Rxb4 a5 23. Rb5 f6 24. Qc1 Qd3 25. Nc3 Bc6 26. Rc5 Qxd4 27. Ne2 Qe4 28.
exf6 Rxf6 29. Rc4 Qd5 30. Rd4 Qe5 31. Rxf6 Qxf6 32. Rf4 Qh6 33. Qc5 Qg6 34. Rg4
Qf6 35. Nd4 Bd5 36. Qd6 Rf8 37. Qg3 h5 38. Rh4 Qf1+ 39. Kh2 Bxg2 40. Qg6 Bd5 0-1

[Event "Mondiale Semilampo 2016"]
[Site "Doha QAT"]
[Date "2016.12.27"]
[Round "6.45"]
[White "Hirneise, Jens"]
[Black "Flores, Diego"]
[Result "1/2-1/2"]
[WhiteTitle "FM"]
[BlackTitle "GM"]
[WhiteElo "2315"]
[BlackElo "2579"]
[WhiteFideId "24614734"]
[BlackFideId "108049"]
[EventDate "2016.12.26"]

1. e4 e5 2. Nf3 Nc6 3. Bb5 Bc5 4. c3 Nge7 5. O-O Bb6 6. d3 O-O 7. Na3 d5 8. exd5
Qxd5 9. h3 Bf5 10. Nh4 Be6 11. Bc4 Qd7 12. Qe2 Rad8 13. Rd1 Nd5 14. Nf3 f6 15.
Be3 Kh8 16. Nc2 Nxe3 17. Nxe3 Bxe3 18. fxe3 Bxc4 19. dxc4 Qe6 20. e4 Ne7 21. b3
Ng6 22. Rxd8 Rxd8 23. Rd1 Rxd1+ 24. Qxd1 Qd6 25. Qd5 Qxd5 26. cxd5 Nf4 27. Kf2
Kg8 28. h4 Kf7 29. g3 Ng6 30. Ke3 h5 31. Nd2 Ke7 32. Nc4 b6 33. Kd3 Nf8 34. Ne3
g6 35. b4 Kd6 36. c4 Nd7 37. a3 c5 38. dxc6 Kxc6 39. Nd5 Kd6 40. Nc3 a5 41. c5+
bxc5 42. bxa5 Kc6 43. Kc4 f5 44. exf5 gxf5 45. Nd5 f4 46. gxf4 exf4 47. Nxf4
Ne5+ 48. Kc3 Kb5 49. Nxh5 Nf3 50. Nf4 Nxh4 51. a6 Kxa6 52. Kc4 Ka5 53. Nd3 Ka4
54. Nxc5+ Kxa3 1/2-1/2

[Event "Mondiale Semilampo 2016"]
[Site "Doha QAT"]
[Date "2016.12.27"]
[Round "6.46"]
[White "Mchedlishvili, Mikheil"]
[Black "Kayumov, Sergey"]
[Result "1-0"]
[WhiteTitle "GM"]
[BlackTitle "GM"]
[WhiteElo "2601"]
[BlackElo "2505"]
[WhiteFideId "13600966"]
[BlackFideId "14200880"]
[EventDate "2016.12.26"]

1. d4 Nf6 2. c4 Nc6 3. Nc3 e5 4. d5 Ne7 5. g3 Ng6 6. Bg2 Bb4 7. Qb3 a5 8. Nf3
Ne4 9. O-O Nxc3 10. bxc3 Be7 11. Ba3 d6 12. c5 O-O 13. cxd6 Bxd6 14. Nd2 b5 15.
Bxd6 cxd6 16. a4 bxa4 17. Qxa4 Bd7 18. Qa3 Qc7 19. c4 Rfc8 20. Rfc1 Ra6 21. Rc3
a4 22. c5 dxc5 23. Rac1 Qa5 24. Nc4 Qb4 25. Qa1 Rb8 26. Be4 f5 27. Bb1 Qb7 28.
Ba2 Kh8 29. Na3 Qb2 30. Bc4 Qxa1 31. Rxa1 Rab6 32. Ba2 e4 33. Rxc5 Ne5 34. Nc4
Nxc4 35. Bxc4 Rb1+ 36. Rxb1 Rxb1+ 37. Kg2 Rc1 38. d6 a3 39. Rc7 h6 40. h4 h5 41.
f3 Kh7 42. Bg8+ Kxg8 43. Rxc1 exf3+ 44. Kxf3 Kf7 45. Ra1 Ke6 46. Rxa3 Kxd6 47.
Kf4 Bb5 48. Re3 Bd7 49. Kg5 Kd5 50. Re7 Bb5 51. Kxh5 1-0

[Event "Mondiale Semilampo 2016"]
[Site "Doha QAT"]
[Date "2016.12.27"]
[Round "6.47"]
[White "Firouzja, Alireza"]
[Black "Agdestein, Simen"]
[Result "1-0"]
[WhiteTitle "IM"]
[BlackTitle "GM"]
[WhiteElo "2456"]
[BlackElo "2602"]
[WhiteFideId "12573981"]
[BlackFideId "1500015"]
[EventDate "2016.12.26"]

1. e4 e6 2. d4 d5 3. Nc3 Nf6 4. e5 Nfd7 5. f4 c5 6. Nf3 Nc6 7. Be3 h6 8. Qd2 g5
9. dxc5 gxf4 10. Bxf4 Bxc5 11. O-O-O a6 12. Kb1 Qa5 13. Bxh6 Bb4 14. Be3 Bxc3
15. Qxc3 Qxc3 16. bxc3 Ndxe5 17. Nxe5 Nxe5 18. Bd4 f6 19. Re1 Ng4 20. c4 dxc4
21. Bxc4 e5 22. h3 Nh6 23. Rhf1 Nf5 24. Bb2 Nd6 25. Bd3 Ke7 26. Rxf6 Kxf6 27.
Bxe5+ Kg5 28. Bxh8 Bf5 29. Be5 Bxd3 30. cxd3 Nf5 31. g4 Nh4 32. Rf1 Ng2 33. Kc1
Re8 34. d4 Ne3 35. Rf7 Rc8+ 36. Kb1 Nc4 37. Bf4+ Kg6 38. Rxb7 Na3+ 39. Ka1 Rf8
40. Bc1 Nc2+ 41. Kb1 Nxd4 42. Rb6+ Kh7 43. Rxa6 Rf1 44. a4 Rh1 45. Rb6 Ne2 46.
Rc6 Rxh3 47. a5 Rg3 48. Rc4 Kg6 49. a6 Nxc1 50. Kxc1 Ra3 51. Rc6+ Kg5 52. Kb2
Ra5 53. Kb3 Kxg4 54. Kb4 Ra1 55. Kb5 Kf5 56. Kb6 Ke5 57. Kb7 Kd5 58. Rb6 1-0